|
|
|
|
| LEADER |
00000nam0a2200000 4500 |
| 001 |
123567 |
| 005 |
20231031130517.0 |
| 035 |
|
|
|a (RuTPU)RU\TPU\book\133747
|
| 090 |
|
|
|a 123567
|
| 100 |
|
|
|a 20071019d1969 m y0rusy50 ca
|
| 101 |
0 |
|
|a rus
|c rus
|
| 102 |
|
|
|a RU
|
| 105 |
|
|
|a y z 001gy
|
| 200 |
1 |
|
|a Пою мое отечество
|e Избранные произведения советской поэзии
|h Т. 1
|e в 2 т.
|f авт. предисл. А. Сурков
|
| 210 |
|
|
|a Москва
|c Художественная литература
|d 1969
|
| 215 |
|
|
|a 568 с.
|
| 333 |
|
|
|a Исключено из фонда НТБ ТПУ
|
| 702 |
|
1 |
|a Сурков
|b А.
|4 080
|
| 801 |
|
1 |
|a RU
|b 63413507
|c 20071019
|g PSBO
|
| 801 |
|
2 |
|a RU
|b 63413507
|c 20220614
|g RCR
|
| 942 |
|
|
|c BK
|